000 00449nam a2200133Ia 4500
008 100328s9999 xx 000 0 und d
082 _b70024
100 _aभोसले सु.बा.
245 _aइंदिरा प्रियदर्शिनी.
260 _bअमोल.
630 _aइंदिरा प्रियदर्शिनी.
730 _aइंदिरा प्रियदर्शिनी.
942 _cBOOK
999 _c555752
_d555749